| 000 | 00316cam a22001097a 4500 | ||
|---|---|---|---|
| 008 | 180718b-- xxu||||| |||| 00| 0 eng d | ||
| 082 | _aB71103x5434 A | ||
| 100 | _aRajasthan. Department of Panchayati Raj | ||
| 245 | _aRajasthan Panchayati raj Act | ||
| 260 |
_aJaipur _bThe author _c-- |
||
| 500 | _aLibrary has 1994, 2000 | ||
| 999 |
_c491681 _d491681 |
||